Online
Catalog

La casa de todos ; (Record no. 5529)

MARC details
000 -CABECERA
campo de control de longitud fija 00804cam a2200217 a 4500
001 - NÚMERO DE CONTROL
campo de control 000005733
005 - FECHA Y HORA DE LA ÚLTIMA TRANSACCIÓN
campo de control 20200929151749.0
008 - DATOS DE LONGITUD FIJA--INFORMACIÓN GENERAL
campo de control de longitud fija 930308s1986 cu a b 001 0 spa d
040 ## - FUENTE DE LA CATALOGACIÓN
Centro catalogador/agencia de origen DO-SdBNP
Lengua de catalogación spa
Centro/agencia modificador BNPHU
082 ## - NÚMERO DE LA CLASIFICACIÓN DECIMAL DEWEY
Número de clasificación 972.91
Número de documento/Ítem G643c
100 1# - ENTRADA PRINCIPAL--NOMBRE DE PERSONA
Nombre de persona González Figueroa, Xiomara,
Fechas asociadas al nombre 1949-
9 (RLIN) 16220
245 13 - MENCIÓN DE TÍTULO
Título La casa de todos ;
Resto del título los muchachos de Regla /
Mención de responsabilidad, etc. Xiomara González Figueroa, Roberto Rodríguez Menéndez ; edición Patricia Semidey.
260 ## - PUBLICACIÓN, DISTRIBUCIÓN, ETC.
Lugar de publicación, distribución, etc. La Habana :
Nombre del editor, distribuidor, etc. Abril de la UJC,
Fecha de publicación, distribución, etc. 1986.
300 ## - DESCRIPCIÓN FÍSICA
Extensión 147 p. :
Otras características físicas il. ;
Dimensiones 24 cm.
504 ## - NOTA DE BIBLIOGRAFÍA, ETC.
Nota de bibliografía, etc. Bibliografía : p. 146-147
505 0# - NOTA DE CONTENIDO CON FORMATO
Nota de contenido con formato Los muchachos de Regla
651 #4 - PUNTO DE ACCESO ADICIONAL DE MATERIA--NOMBRE GEOGRÁFICO
Nombre geográfico Cuba
Subdivisión general Historia
Subdivisión cronológica 1933-1959.
9 (RLIN) 11375
700 1# - PUNTO DE ACCESO ADICIONAL--NOMBRE DE PERSONA
Nombre de persona Rodríguez Menéndez, Roberto,
Fechas asociadas al nombre 1944-
9 (RLIN) 16221
700 1# - PUNTO DE ACCESO ADICIONAL--NOMBRE DE PERSONA
Nombre de persona Semidey, Patricia,
Término indicativo de función/relación ed.
9 (RLIN) 16222
740 0# - PUNTO DE ACCESO ADICIONAL--TÍTULO RELACIONADO O ANALÍTICO NO CONTROLADO
Título relacionado o analítico no controlado Los muchachos de Regla.
Holdings
Estado de retiro Estado de pérdida Restricciones de uso No para préstamo Código de colección Localización permanente Ubicación/localización actual Ubicación en estantería Fecha de adquisición Número de inventario Total de préstamos Signatura topográfica completa Código de barras Fecha visto por última vez Precio válido a partir de Tipo de ítem Koha Número de copia
      Excluido de préstamo Monografías: Libros y Folletos General General Depósito 21.08.2009 LF1   972.91 G643c 5733-10 25.06.2020 25.06.2020 No se presta  
  Extraviado   Excluido de préstamo Monografías: Libros y Folletos General General Extraviado 26.05.2017 LF1   972.91 G643c 5733-20 25.06.2020 25.06.2020 No se presta e. 2

Powered by Koha